000 00631cam a22002053a 4500
001 38687
003 PGUSA
005 20140828083843.0
008 120228s2012||||xxu|||||s|||||000 | eng d
040 _aPGUSA
_beng
042 _adc
100 1 _aDe Gubernatis, Angelo,
_d1840-1913
245 1 0 _aZoological Mythology, Volume I (of 2) ;
_bor, The Legends of Animals
_h[electronic resource] /
_cAngelo De Gubernatis
260 _bProject Gutenberg,
_c2012
506 _aPublic domain in the USA.
516 _aElectronic text
830 0 _aProject Gutenberg
_v38687
856 4 0 _uhttp://www.gutenberg.org/ebooks/38687
942 _cEB
999 _c267941
_d267941